Reverzný zásobovací proces a bilančné rovnice

Plánovanie zásobovacieho procesu. Opätovné použitie výrobku v zásobovacom procese. Reverzná logistika. Klasická a reverzná distribúcia prebieha prostredníctvom kanálov. Riešenie distribúcie v rámci jednoduchých kanálov prostredníctvom bilančných rovníc.

Salvato in:
Dettagli Bibliografici
Autore principale: Gežík, Pavel, 1983-
Altri autori: Brezina, Ivan, 1963-
Natura: Capitolo di libro
Lingua:slovacco
Soggetti:
Tags: Aggiungi Tag
Nessun Tag, puoi essere il primo ad aggiungerne!!

MARC

LEADER 00000nla$a2200000$$$4500
001 0103179
005 20240717100156.7
041 0 |a slo 
044 |a SK 
245 1 0 |a Reverzný zásobovací proces a bilančné rovnice  |c Pavel Gežík, Ivan Brezina 
520 |a Plánovanie zásobovacieho procesu. Opätovné použitie výrobku v zásobovacom procese. Reverzná logistika. Klasická a reverzná distribúcia prebieha prostredníctvom kanálov. Riešenie distribúcie v rámci jednoduchých kanálov prostredníctvom bilančných rovníc. 
610 2 0 |a logistika reverzná 
610 2 0 |a reťazce dodávateľsko-odberateľské 
610 2 0 |a riadenie zásob 
610 2 0 |a modely riadenia 
610 2 0 |a zásoby 
610 2 0 |a distribúcia 
610 2 0 |a modely maticové 
100 1 |a Gežík, Pavel, 1983- 
700 1 |a Brezina, Ivan, 1963-